Statistics for Global Terrorism Index

Click here to take the quiz!

General Stats

  • This quiz has been taken 49 times
  • The average score is 14 of 20

Answer Stats

HintAnswer% Correct
1Iraq
98%
5Syria
98%
2Afghanistan
93%
9Egypt
91%
4Pakistan
89%
7Somalia
87%
10Libya
85%
18Sudan
80%
6Yemen
80%
8India
74%
16Niger
72%
3Nigeria
67%
14Turkey
65%
17Democratic Republic of the Congo
52%
20Central African Republic
46%
19Kenya
46%
12Philippines
43%
13Cameroon
39%
15Thailand
28%
11Ukraine
24%

Score Distribution

Percentile by Number Answered

Percent of People with Each Score

Your Score History

You have not taken this quiz